| Tag |
First Indicator |
Second Indicator |
Subfields |
| LEADER |
00000cas a2200000 a 4500 |
| 001 |
in00002497749 |
| 005 |
20151111052624.0 |
| 006 |
m d |
| 007 |
cr mnu|||||||| |
| 008 |
970922c19uu9999njuqr pss 0 a0eng d |
| 010 |
|
|
|a 2001214508
|
| 022 |
0 |
|
|a 1532-6942
|y 8756-5641
|2 1
|
| 029 |
1 |
|
|a OCLCS
|b 8655
|
| 029 |
1 |
|
|a OCLCS
|b OP-24098
|
| 029 |
1 |
|
|a NZ1
|b 6034056
|
| 029 |
1 |
|
|a AU@
|b 000022244365
|
| 035 |
|
|
|a (OCoLC)ocm37663611
|
| 035 |
|
|
|a (OCoLC)37663611
|
| 037 |
|
|
|b Lawrence Erlbaum Associates, Inc., 10 Industrial Avenue, Mahwah, NJ 07430-2262
|
| 040 |
|
|
|a F#A
|c F#A
|d OCL
|d NSD
|d OCLCQ
|d TXA
|d UtOrBLW
|
| 042 |
|
|
|a nsdp
|a lcd
|
| 049 |
|
|
|a TXAM
|
| 050 |
|
4 |
|a QP360
|b .D488 Electronic
|
| 082 |
1 |
0 |
|a 616
|2 13
|
| 130 |
0 |
|
|a Developmental neuropsychology (Online)
|
| 210 |
0 |
|
|a Dev. neuropsychol. :
|b (Online)
|
| 222 |
|
0 |
|a Developmental neuropsychology :
|b (Online)
|
| 245 |
1 |
0 |
|a Developmental neuropsychology.
|
| 264 |
|
1 |
|a [Mahwah, N.J.] :
|b L. Erlbaum Associates.
|
| 310 |
|
|
|a Quarterly
|
| 336 |
|
|
|a text
|b txt
|2 rdacontent
|
| 337 |
|
|
|a computer
|b c
|2 rdamedia
|
| 338 |
|
|
|a online resource
|b cr
|2 rdacarrier
|
| 500 |
|
|
|a Description based on: Volume 13, number 2 (1997); title from journal information screen.
|
| 500 |
|
|
|a Latest issue consulted: Volume 18, number 1 (Aug. 2000).
|
| 530 |
|
|
|a Also issued in print.
|
| 538 |
|
|
|a Mode of access: World Wide Web.
|
| 500 |
|
|
|a Electronic resource.
|
| 650 |
|
0 |
|a Neuropsychology
|v Periodicals.
|
| 776 |
1 |
|
|t Developmental neuropsychology
|x 8756-5641
|w (DLC)sf 93091453
|w (OCoLC)11594037
|
| 948 |
|
|
|a cataloged
|b h
|c 2009/8/25
|d c
|e spoltoratski
|f 1:10:19 pm
|
| 994 |
|
|
|a C0
|b TXA
|
| 999 |
|
|
|a MARS
|
| 999 |
f |
f |
|s dcb9abc1-33ab-3f70-8893-60bc52552296
|i b47d7199-4341-30dc-8160-0df0d7d1055a
|t 0
|
| 952 |
f |
f |
|a Texas A&M University
|b College Station
|c Electronic Resources
|d Available Online
|t 0
|e QP360 .D488
|g Electronic
|h Library of Congress classification
|
| 998 |
f |
f |
|a QP360 .D488
|t 0
|l Available Online
|